000 00816nas a2200265 4500
001 BR2011000358
003 BR-BrBNA
005 20231205114841.0
007 ta
008 230509b bl.|||p| |||| 00| 00por d
040 _aBR-BrBNA
_bpor
_cBiblioteca Nacional de Agricultura
041 _a(Pt)
072 _aQ02; Q04; Q80
100 1 _aVicentini, N.M.
100 1 _aCereda, M.P.
245 1 _aUso de filmes de fécula de mandioca em pós-colheita de pepino (Cucumis sativus L.)
650 _aPEPINO
650 _aPÓS-COLHEITA
650 _aFÉCULA
650 _aBIOFILME
650 _aPRESERVAÇÃO DE ALIMENTO
773 0 _tBrazilian Journal of Food Technology (Brazil)
_xISSN 1519-0900
_g(1999), v. 2(1-2) p. 87-90
_wBR2011000358
909 _a202311
_bLúcia
_c55
_dLúcia Elande
942 _2AGRIS
_n0
_cANA
999 _c210823
_d210823